00722nam a2200241 a 4500001001300000003000900013005001700022008004100039020002300080082001600103100002100119245003400140260003300174300000900207500003500216505002400251650002300275700002100298902000800319942000700327952012900334999001700463nice12345678IN_TiNIC20260116014330.0120110s2012 dela grp 000 0 eng  a9788178849713c90000a294.34bCHA aChaterjee, Suman aOrigin of Buddhist Meditation aDelhi bCyber Techpub c2012 a264p aincludes index and biblioraphy2 aBibliography, Index aBuddhism-Practices1 aChaterjee, Suman bSRS cBK 001040708StackRoom-aHMIbHMId2012-01-10g900.00l1o294.34 CHAp023779r2017-08-04s2017-08-03v900.00w2012-01-10yBK c14852d14852